Statistiques concernant Les meilleurs buteurs de l'histoire d'Arsenal

Cliquez ici pour prendre le quiz!

Statistiques générales

  • Ce quiz a été pris 80 fois
  • Le résultat moyen est 5 sur 10

Statistiques - réponses

ButsNationalitéJoueur% Correct
228FranceThierry Henry
100%
92Gabon / FrancePierre-Emerick Aubameyang
92%
132Pays-BasRobin van Persie
85%
105FranceOlivier Giroud
75%
120Pays-BasDennis Bergkamp
71%
179AngleterreIan Wright
42%
108AngleterreTheo Walcott
31%
106AngleterreAlan Smith
4%
92AngleterrePaul Merson
1%
94AngleterreJoe Baker
0%

Distribution des résultats

Percentile par nombre de réponses

% des personnes avec chaque résultat

Votre développement - résultats

Vous n’avez pas pris ce quiz